Saudi Arabia 2022 FIFA World Cup Squad - Statistics

General Stats
  • This quiz has been taken 443 times
    401 since last reset
  • The average score is 8 of 27
Answer Stats
# Position Player % Correct
10 FW Salem Al-Dawsari
85%
24 MF Nasser Al-Dawsari
80%
21 GK Mohammed Al-Owais
44%
Manager Hervé Renard
40%
13 DF Yasser Al-Shahrani
40%
11 FW Saleh Al-Shehri
37%
23 MF Mohamed Kanno
36%
7 MF © Salman Al-Faraj
36%
12 DF Saud Abdulhamid
30%
17 DF Hassan Al-Tambakti
24%
15 MF Ali Al-Hassan
23%
9 FW Firas Al-Buraikan
23%
5 DF Ali Al-Bulaihi
22%
8 MF Abdulellah Al-Malki
21%
4 DF Abdulelah Al-Amri
19%
3 DF Abdullah Madu
19%
19 FW Hattan Bahebri
19%
18 MF Nawaf Al-Abed
18%
22 GK Nawaf Al-Aqidi
18%
14 MF Abdullah Otayf
17%
2 DF Sultan Al-Ghanam
17%
1 GK Mohammed Al Rubaie
16%
6 DF Mohammed Al-Breik
14%
26 MF Riyadh Sharahili
14%
16 MF Sami Al-Najei
14%
25 FW Haitham Asiri
13%
20 FW Abdulrahman Al-Aboud
11%
No matching quizzes found
Score Distribution
Percent of People with Each Score
Percentile by Number Answered
Your Score History
You have not taken this quiz since the last reset